RFLP based genetic maps of the homoeologous group 5 chromosomes of bread wheat (Triticum asestivum L.) (Record no. 67005)

MARC details
000 -LEADER
fixed length control field 00443nam a2200157Ia 4500
100 ## - MAIN ENTRY--AUTHOR NAME
Personal name Xie D X
245 #0 - TITLE STATEMENT
Title RFLP based genetic maps of the homoeologous group 5 chromosomes of bread wheat (Triticum asestivum L.)
260 ## - PUBLICATION, DISTRIBUTION, ETC. (IMPRINT)
Name of publisher Theoretical and Applied Genetics
Year of publication 1993
300 ## - PHYSICAL DESCRIPTION
Number of Pages 70-74
650 ## - SUBJECT ADDED ENTRY--TOPICAL TERM
Topical Term RFLP
700 ## - ADDED ENTRY--PERSONAL NAME
Personal name Devos K M
700 ## - ADDED ENTRY--PERSONAL NAME
Personal name Gale M D
700 ## - ADDED ENTRY--PERSONAL NAME
Personal name Moore G
942 ## - ADDED ENTRY ELEMENTS (KOHA)
Koha item type Journals
Holdings
Withdrawn status Lost status Damaged status Not for loan Home library Current library Shelving location Date acquired Serial Enumeration / chronology Koha item type
      Journals RRII Library RRII Library RFLP 17/12/2021 Volume 87, Issue 02-Jan Journals